| 000 | 01188nam0a2200337 4500 | ||
|---|---|---|---|
| 001 | RU\NLR\bibl\1842085 | ||
| 005 | 20260406091921.0 | ||
| 010 |
_a978-5-699-52096-1 _95000 |
||
| 021 |
_aRU _b2011-78879 _9577д/11 |
||
| 035 | _a(nilc)RSL-KNO-005074869 | ||
| 035 | _a(NLR Aleph) 001832539 | ||
| 090 |
_a2159196 _c2159196 |
||
| 100 | _a20111010d2011 |||y0rusy50 ca | ||
| 101 | 0 | _arus | |
| 102 | _aRU | ||
| 105 | _ay ||||||||| | ||
| 200 | 1 |
_aНебесная подруга _e[роман] _fДжоанн Харрис _g[пер. с англ. Е. Я. Дрибинской] |
|
| 210 |
_aМосква _cЭксмо _aСанкт-Петербург _cДомино _d2011 |
||
| 215 |
_a347, [2] с. _d20 |
||
| 225 | 1 |
_aDiamondS _fсост.: Александр Жикаренцев |
|
| 225 | 1 | _aМировая коллекция | |
| 686 |
_aШ5(4Вл)62-644.5 _2rubbk |
||
| 686 | _aШ6(4Вл)67-446{Лх1299-60} | ||
| 700 | 1 |
_4070 _8rus _7ca _aХаррис _bД. _f1964- _gДжоанн _3RU\NLR\auth\7761915 _944845 |
|
| 801 | 0 |
_aRU _bRuMoRKP _c20111010 _grcr |
|
| 801 | 1 |
_aRU _bРГБ _c20111010 |
|
| 801 | 2 |
_aRU _bNLR _c20111201 _grcr |
|
| 942 | _cBOOK | ||
| 980 | _aNB | ||
| 980 | _aNBR | ||